000 01047nam2a2200265 4500
001 rc\2830218
005 20260315045101.0
035 _a(NLR Aleph) 006988201
090 _a13571606
_c13571606
100 _a20110625d1927 u y0rusy50 ca
101 0 _arus
102 _aRU
105 _ay z |||||
200 0 _aˆ[‰Кн.] 2
210 _d[1927]
215 _a400 с.
327 0 _aАвт.: Ляшко, Н. Минучая смерть.- Тихонов, Н. Эпоха [и др.]
461 0 _1001rc\2830216
_12001#$aЗемля и фабрика$eАльманах$e[Кн.] I-$v[Кн.] 2
_95600168
_c[Москва]
_d[1927]
_nЗИФ
_oАльманах : [Кн.] I-
_tЗемля и фабрика
_v[Кн.] 2
464 0 _12001#$aМинучая смерть
_1700#1$aЛяшко$bН.$4070
_tМинучая смерть
_aЛяшко, Н.
464 0 _12001#$aЭпоха
_1700#1$aТихонов$bН.$4070
_tЭпоха
_aТихонов, Н.
801 0 _aRU
_bNLR
_gpsbo
801 1 _aRU
_bELAR
_2rusmarc
852 _aNLR
_j24/955
942 _cUNSPEC
980 _aNB